| 000 | 01832nam a2200493 a 4500 | ||
|---|---|---|---|
| 999 |
_c28516 _d28487 |
||
| 001 | 13732420 | ||
| 003 | EG-ScBUE | ||
| 005 | 20200719155816.0 | ||
| 008 | 130211t2012 njua f b 001 0 eng d | ||
| 020 | _z9781118314043 (pbk.) | ||
| 035 | _a(CtWfDGI)bkb00049632 | ||
| 040 |
_aCtWfDGI _beng _erda _cCtWfDGI _dEG-ScBUE |
||
| 082 | 0 | 4 |
_a302.23 _bLAN _222 |
| 100 | 1 |
_aLankow, Jason, _eauthor. |
|
| 245 | 1 | 0 |
_aInfographics : _bthe power of visual storytelling / _cJason Lankow, Josh Ritchie, Ross Crooks, founders of column five. |
| 246 | 3 | 0 | _aPower of visual storytelling |
| 264 | 1 |
_aHoboken, New Jersey : _bJohn Wiley & Sons, Inc., _c[2012] |
|
| 264 | 4 | _cc2012 | |
| 300 |
_a263 pages : _billustrations ; _c24 cm |
||
| 336 |
_atext _btxt _2rdacontent |
||
| 337 |
_acomputer _bc _2rdamedia |
||
| 338 |
_aonline resource _bcr _2rdacarrier |
||
| 500 | _aTitle from title screen. | ||
| 504 | _aIncludes bibliographical references and index. | ||
| 506 | _aAccess restricted by licensing agreement. | ||
| 516 | _aText. | ||
| 550 | _aDigitized and made available by: Books24x7.com. | ||
| 590 | _aAccess is available to the Yale community. | ||
| 650 | 7 |
_aVisual communication. _2BUEsh |
|
| 650 | 7 |
_aCommunication _xGraphic methods. _2BUEsh |
|
| 650 | 7 |
_aInformation visualization. _2BUEsh |
|
| 650 | 7 |
_aBusiness presentations. _2BUEsh |
|
| 650 | 7 |
_aPresentation graphics software. _2BUEsh |
|
| 653 |
_bCOMAME _cJuly2020 |
||
| 655 | 0 |
_aElectronic books. _vText book |
|
| 700 | 1 |
_aRitchie, Josh, _4author. |
|
| 700 | 1 |
_aCrooks, Ross, _4author. |
|
| 710 | 2 | _aBooks24x7, Inc. | |
| 730 | 0 |
_aSkillport. _pBusinessPro. |
|
| 856 | 4 | 0 |
_yOnline book _uhttps://yalelibrary.skillport.com/skillportfe/main.action?assetid=49632 |
| 942 |
_2ddc _cTXT |
||
| 946 | _aDO NOT EDIT. DO NOT EXPORT. | ||